| 000 | 01040cam a22003137a 4500 | ||
|---|---|---|---|
| 001 | 001856 | ||
| 003 | armpunfd | ||
| 005 | 20140612090652.0 | ||
| 008 | 060228e0####xx#a##########000#0#und#d | ||
| 040 |
_aarmpunfd _carmpunfd |
||
| 080 | _a341.3/.34 K 127 | ||
| 245 | 1 | 0 | _aRestricciones en la conduccion de la guerra : introduccion al derecho internacional comunitario |
| 260 |
_a Inebra : Comite Internacional De La Cruz Roja _b2001. Isbn : 2-88145-127-6. 261 P. |
||
| 650 | 7 |
_a Armas Nucleares _2LEMB |
|
| 650 | 7 |
_a Armas Quimicas Y Bacteriologicas _2LEMB |
|
| 650 | 7 |
_a Combatientes _2LEMB |
|
| 650 | 7 |
_a Convencion De Ottawa _2LEMB |
|
| 650 | 7 |
_a Enfermos _2LEMB |
|
| 650 | 7 |
_a Guerra _2LEMB |
|
| 650 | 7 |
_a Heridos _2LEMB |
|
| 650 | 7 |
_a Medios De Guerra _2LEMB |
|
| 650 | 7 |
_a Metodos De Guerra _2LEMB |
|
| 650 | 7 |
_a Minas Antipersonal _2LEMB |
|
| 650 | 7 |
_a Naufragos _2LEMB |
|
| 650 | 7 |
_a Poblacion Civil _2LEMB |
|
| 650 | 7 |
_a Prisoneros De Guerra _2LEMB |
|
| 942 |
_cLB _2cdu |
||
| 945 |
_aCatalis _d2010-08-19 |
||
| 999 |
_c1847 _d232351 |
||